| 000 | 00537nam a2200181Ia 4500 | ||
|---|---|---|---|
| 005 | 20241114101659.0 | ||
| 008 | 240126s9999 xx 000 0 und d | ||
| 020 | _a9789354493782 | ||
| 082 | _a001.535 LUG;1 R | ||
| 100 | _aLuger, George F. | ||
| 245 | 0 | _aArtificial intelligence : structures and strategies for complex problem solving | |
| 250 | _a6th ed | ||
| 260 |
_bPearson _aNoida _c2021 |
||
| 300 | _axxiii, 754 | ||
| 440 | _aNULL | ||
| 650 | _aArtificial,intelligence,structures,strategies,complex,solving | ||
| 942 | _cPU | ||
| 999 |
_c294272 _d294272 |
||